5HLuxD.jpg

KING HENRY VIII SENIOR AND PRIMARY SCHOOL LIBRARY OPAC

Innocent / (Record no. 5813)

000 -LEADER
fixed length control field 01530pam a22003491i 4500
001 - CONTROL NUMBER
control field 019455921
003 - CONTROL NUMBER IDENTIFIER
control field Uk
005 - DATE AND TIME OF LATEST TRANSACTION
control field 20251118080939.0
006 - FIXED-LENGTH DATA ELEMENTS--ADDITIONAL MATERIAL CHARACTERISTICS
fixed length control field m || d |
007 - PHYSICAL DESCRIPTION FIXED FIELD--GENERAL INFORMATION
fixed length control field cr |||||||||||
008 - FIXED-LENGTH DATA ELEMENTS--GENERAL INFORMATION
fixed length control field 190502s2019 enk o 000|0|eng|d
015 ## - NATIONAL BIBLIOGRAPHY NUMBER
National bibliography number GBB9B8824
Source bnb
020 ## - INTERNATIONAL STANDARD BOOK NUMBER
Canceled/invalid ISBN 9780008341985 (pbk.)
037 ## - SOURCE OF ACQUISITION
Stock number uk.co.harpercollins.192120
Source of stock number/acquisition Ingram Content Group
040 ## - CATALOGING SOURCE
Original cataloging agency StDuBDS
Language of cataloging eng
Transcribing agency StDuBDS
Modifying agency Uk
-- KH8
Description conventions rda
-- pn
042 ## - AUTHENTICATION CODE
Authentication code ukblsr
082 04 - DEWEY DECIMAL CLASSIFICATION NUMBER
Classification number 362.733 GLA
Edition number 23
100 1# - MAIN ENTRY--PERSONAL NAME
Personal name Glass, Cathy,
Relator term author.
245 10 - TITLE STATEMENT
Title Innocent /
Statement of responsibility, etc. Cathy Glass.
264 #1 - PRODUCTION, PUBLICATION, DISTRIBUTION, MANUFACTURE, AND COPYRIGHT NOTICE
Place of production, publication, distribution, manufacture London :
Name of producer, publisher, distributor, manufacturer HarperElement,
Date of production, publication, distribution, manufacture, or copyright notice 2019.
300 ## - PHYSICAL DESCRIPTION
Extent 305 pages :
Dimensions 20 cm.
336 ## - CONTENT TYPE
Content type term text
Source rdacontent
337 ## - MEDIA TYPE
Media type term computer
Source rdamedia
338 ## - CARRIER TYPE
Carrier type term online resource
Source rdacarrier
520 ## - SUMMARY, ETC.
Summary, etc. It was heartbreaking: a brother and sister, torn from their parents and brought into foster care. Kit, eighteen months old, had a broken arm and his sister Molly, three, was withdrawn and scared. The parents said they weren't to blame and appered to dote on their children. Could the social services have got it wrong? If so, who caused Kit's injuries and why were the children ill so often?<br/><br/>The truth, when it finally came out, was unbelievable and far more shocking than I could ever have imagined.
588 ## - SOURCE OF DESCRIPTION NOTE
Source of description note Description based on CIP data; resource not viewed.
600 10 - SUBJECT ADDED ENTRY--PERSONAL NAME
Personal name Glass, Cathy.
650 #0 - SUBJECT ADDED ENTRY--TOPICAL TERM
Topical term or geographic name entry element Abused children
Geographic subdivision Great Britain.
650 #0 - SUBJECT ADDED ENTRY--TOPICAL TERM
Topical term or geographic name entry element Foster home care
Geographic subdivision Great Britain.
690 7# - LOCAL SUBJECT ADDED ENTRY--TOPICAL TERM (OCLC, RLIN)
Topical term or geographic name as entry element Social Welfare
Source of heading or term blcoll
942 ## - ADDED ENTRY ELEMENTS (KOHA)
Source of classification or shelving scheme
Koha item type Books - Non Ficton
Holdings
Withdrawn status Lost status Source of classification or shelving scheme Damaged status Not for loan Collection code Permanent Location Current Location Shelving location Date acquired Full call number Barcode Date last seen Price effective from Koha item type
          Non-Fiction KH8 Senior School Library KH8 Senior School Library Non Fiction 2025-11-18 362.733 GLA 3KHSL000102506 2025-11-18 2025-11-18 Books - Non Ficton

Powered By KH8 IT Dept